000 00635nam a2200217Ia 4500
005 20250508165004.0
008 008 250505s9999 xx 000 0 eng d
020 _a0-19-568679-9
037 _aTextual
040 _aFEDL
_beng
_cFEDL
041 _aeng
_2eng
084 _a891.441, TAG
_qFEDL
100 _aChaudhuri Sukanta Ed.
245 0 _aRabindranath Tagore: Selected writings for children
260 _aNew Delhi, India
_bOxford University Press
_c2010
300 _axi,261p
365 _aINR
_b345
490 _aOxford Tagore Translations.
942 _cTEXL
_h891.441, TAG
999 _c1392511
_d1392511